Guía para visitar París (Record no. 5450)

MARC details
000 -CABECERA
campo de control de longitud fija 00757nam a2200217 a 4500
001 - NÚMERO DE CONTROL
campo de control BRCA_5760
005 - FECHA Y HORA DE LA ÚLTIMA TRANSACCIÓN
campo de control 20190320205214.0
008 - DATOS DE LONGITUD FIJA--INFORMACIÓN GENERAL
campo de control de longitud fija 080311s1951----fr-ab#####---#000-0#spa-#
041 ## - CÓDIGO DE LENGUA
Código de lengua del texto/banda sonora o título independiente spa
044 ## - CÓDIGO DEL PAÍS DE LA ENTIDAD EDITORA/PRODUCTORA
Código MARC del país fr
050 #4 - SIGNATURA TOPOGRÁFICA DE LA BIBLIOTECA DEL CONGRESO
Número de clasificación DC780
Número de documento/Ítem .D46 1951
100 1# - ENTRADA PRINCIPAL--NOMBRE DE PERSONA
Nombre de persona Denaes, Raymond
9 (RLIN) 14611
245 10 - MENCIÓN DE TÍTULO
Título Guía para visitar París
Resto del título Enchien-Les-Bains, Fontainebleau, Malmaison, Versailles, Vincennes, con lista de 150 restaurants escogidos entre los mejores de París
Mención de responsabilidad, etc. Raymond Denaes ; traducción de F. Rubio.
260 ## - PUBLICACIÓN, DISTRIBUCIÓN, ETC.
Lugar de publicación, distribución, etc. París
Nombre del editor, distribuidor, etc. L´Indispensable
Fecha de publicación, distribución, etc. 1951
300 ## - DESCRIPCIÓN FÍSICA
Extensión 64 p.
Otras características físicas il., mapas
Dimensiones 15 cm.
500 ## - NOTA GENERAL
Nota general G2
650 14 - PUNTO DE ACCESO ADICIONAL DE MATERIA--TÉRMINO DE MATERIA
Término de materia o nombre geográfico como elemento de entrada París
Subdivisión de forma Guías de viajeros
Subdivisión general Descripción y viajes
9 (RLIN) 14612
700 1# - PUNTO DE ACCESO ADICIONAL--NOMBRE DE PERSONA
Nombre de persona Rubio, F.
Término indicativo de función/relación Traductor
9 (RLIN) 14613
902 ## - CATALOGADOR
Iniciales GFM
942 ## - ELEMENTOS DE PUNTO DE ACCESO ADICIONAL (KOHA)
Fuente del sistema de clasificación o colocación Library of Congress Classification
Tipo de ítem Koha Libros
Holdings
Estado de retiro Estado de pérdida Estado dañado No para préstamo Localización permanente Ubicación/localización actual Fecha de adquisición Número de inventario Total de préstamos Signatura topográfica completa Código de barras Fecha visto por última vez Precio válido a partir de Tipo de ítem Koha
El ejemplar forma parte de la colección y puede ser consultado según las políticas vigentes.       Biblioteca del Museo Franz Mayer (Rogerio Casas-Alatriste) Biblioteca del Museo Franz Mayer (Rogerio Casas-Alatriste) 08/03/2011 G2   DC780 .D46 1951 (G2) 6199 22/03/2019 22/03/2019 Libros